000 01272naa a22003137a 4500
001 BR8902609
003 BR-BrBNA
005 20240918180450.0
007 ta
008 230509b bl.||||| |||| 00| 0 por d
040 _aBR-BrBNA
_bpor
_cBiblioteca Nacional de Agricultura
041 _a(Pt)
072 _aE71; K50
_b8910
_bG514
090 _aE71 BR8902609
100 1 _aTomaselli, I.
111 1 _a1. Encontro Brasileiro de Economia Florestal
_cCuritiba, PR (Brazil)
_d23-27 May 1988
245 1 _aIncentivos e restricoes as exportacoes do setor florestal: madeira compensada
260 3 _aCuritiba, PR (Brasil):
_c1988.
500 _aGraca, L.R.; Hoeflich, V.A. (eds.) Anais do 1. Encontro Brasileiro de Economia Florestal. v. 1 Paineis Curitiba, PR (Brasil): 1988. p. 301-321 (BR8902609-AM)E71
650 _aINDUSTRIA FLORESTAL
650 _aCOMPENSADO
650 _aPRODUCAO
650 _aMERCADO
650 _aCONSUMO
650 _aEXPORTACAO
773 0 _tAnais do 1. Encontro Brasileiro de Economia Florestal. v. 1 Paineis
_aGraca, L.R.; Hoeflich, V.A. (eds.). Centro Nacional de Pesquisa de Florestas, Curitiba, PR (Brasil)
_wE71 BR8902609
_gCuritiba, PR (Brasil), 1988. p. 301-321
909 _a202404
_bLucia
_c55
_dLucia Elande
942 _cAM
_2AGRIS
999 _c320517
_d320517